| Tag |
First Indicator |
Second Indicator |
Subfields |
| LEADER |
00000cam a2200000 a 4500 |
| 001 |
in00000014412 |
| 005 |
20151007052216.0 |
| 008 |
870708s1988 ilu b 00110 eng |
| 010 |
|
|
|a 87019052
|
| 020 |
|
|
|a 0226037045 (pbk.)
|
| 020 |
|
|
|a 0226037037 (hard)
|
| 035 |
|
|
|a (OCoLC)16278030
|
| 035 |
|
|
|9 AAA6778AM
|
| 040 |
|
|
|a DLC
|c DLC
|d TXA
|d UtOrBLW
|
| 043 |
|
|
|a e-uk-en
|
| 049 |
|
|
|a TXAM
|c [A11036346]
|
| 050 |
0 |
0 |
|a PR658.T7
|b B37 1988
|
| 082 |
0 |
|
|a 812/.0512/09
|2 19
|
| 100 |
1 |
|
|a Barber, C. L.
|q (Cesar Lombardi)
|
| 245 |
1 |
0 |
|a Creating Elizabethan tragedy :
|b the theater of Marlowe and Kyd /
|c C.L. Barber ; edited, with an introduction, by Richard P. Wheeler.
|
| 264 |
|
1 |
|a Chicago :
|b University of Chicago Press,
|c [1988]
|
| 264 |
|
4 |
|c ©1988
|
| 300 |
|
|
|a x, 169 pages ;
|c 22 cm.
|
| 336 |
|
|
|a text
|b txt
|2 rdacontent
|
| 337 |
|
|
|a unmediated
|b n
|2 rdamedia
|
| 338 |
|
|
|a volume
|b nc
|2 rdacarrier
|
| 504 |
|
|
|a Includes bibliographical references and index.
|
| 650 |
|
0 |
|a English drama
|y Early modern and Elizabethan, 1500-1600
|x History and criticism.
|
| 650 |
|
0 |
|a English drama (Tragedy)
|x History and criticism.
|
| 600 |
1 |
0 |
|a Marlowe, Christopher,
|d 1564-1593
|x Criticism and interpretation.
|
| 600 |
1 |
0 |
|a Kyd, Thomas,
|d 1558-1594
|x Criticism and interpretation.
|
| 700 |
1 |
|
|a Wheeler, Richard P.
|q (Richard Paul),
|d 1943-
|
| 999 |
|
|
|a MARS
|
| 999 |
f |
f |
|s 85cf9b66-de4e-3d83-bae7-306593a4cca8
|i 4eabb3be-368e-3b5d-8bde-8f6c097bf5f8
|t 0
|
| 952 |
f |
f |
|p normal
|a Texas A&M University
|b College Station
|c Sterling C. Evans Library
|d Evans: Library Stacks
|t 0
|e PR658.T7 B37 1988
|h Library of Congress classification
|i unmediated -- volume
|m A14811036346
|
| 998 |
f |
f |
|a PR658.T7 B37 1988
|t 0
|l Evans: Library Stacks
|